Delphinidae - Liste des espèces - Statistiques

Statistiques générales
  • Ce quiz a été pris 6 fois
  • Le résultat moyen est 3 sur 37
Statistiques - réponses
Par images Hint Réponse % Correct
Orcinus orca Orque
100%
Delphinus delphis Dauphin commun
83%
Pseudorca crassidens Fausse orque
50%
Globicephala melas Globicéphale noir
50%
Stenella coeruleoalba Dauphin bleu et blanc
33%
Stenella longirostris Dauphin à long bec
17%
Orcaella heinsohni Dauphin à aileron retroussé
0%
Steno bredanensis Dauphin à bec étroit
0%
Sousa sahulensis Dauphin à bosse australien
0%
Sousa teuszii Dauphin à bosse de l'Atlantique
0%
Sousa plumbea Dauphin à bosse de l'Océan Indien
0%
Sousa chinensis Dauphin à bosse du Pacifique
0%
Lagenorhynchus acutus Dauphin à flancs blancs
0%
Lagenorhynchus albirostris Dauphin à nez blanc
0%
Lissodelphis peronii Dauphin aptère austral
0%
Stenella clymene Dauphin clymène
0%
Cephalorhynchus commersonii Dauphin de Commerson
0%
Lagenodelphis hosei Dauphin de Fraser
0%
Lagenorhynchus obliquidens Dauphin de Gill
0%
Sotalia guianensis Dauphin de Guyane
0%
Peponocephala electra Dauphin d'Électre
0%
Orcaella brevirostris Dauphin de l'Irrawaddy
0%
Lagenorhynchus australis Dauphin de Peale
0%
Grampus griseus Dauphin de Risso
0%
Cephalorhynchus hectori Dauphin d'Hector
0%
Cephalorhynchus heavisidii Dauphin du Cap
0%
Lissodelphis borealis Dauphin du Nord
0%
Cephalorhynchus eutropia Dauphin noir
0%
Lagenorhynchus obscurus Dauphin obscur
0%
Lagenorhynchus cruciger Dauphin-sablier
0%
Stenella frontalis Dauphin tacheté de l'Atlantique
0%
Stenella attenuata Dauphin tacheté pantropical
0%
Globicephala macrorhynchus Globicéphale tropical
0%
Tursiops aduncus Grand dauphin de l'Océan Indien
0%
Feresa attenuata Orque pygmée
0%
Tursiops truncatus Souffleur
0%
Sotalia fluviatilis Tucuxi
0%
Aucun quiz correspondant
Distribution des résultats
% des personnes avec chaque résultat
Percentile par nombre de réponses
Votre historique - résultats
Vous n’avez pas pris ce quiz